El Constitucionalismo en las Postrimerías del Siglo XX: La Constitución Mexican

Guardado en:
Detalles Bibliográficos
Autor corporativo: UNAM. Instituto de Investigaciones Jurídicas
Formato: Libro
Idioma:Español
Temas:
Etiquetas: Agrega una etiqueta
Sin etiquetas, Sé el primero en etiquetar este registro!

MARC

LEADER 00000nam^a2200000^a^4500
001 000031249
005 20250521000000.0
009 20260310085033.886
020 |a 968-36-0715-2 
037 |a Acervo ITESO - Biblioteca 
041 |a ESP 
082 |a 342.  |b INS V. 5 
110 |a UNAM.  |b Instituto de Investigaciones Jurídicas 
245 1 3 |a El Constitucionalismo en las Postrimerías del Siglo XX: La Constitución Mexican 
264 |a México :  |b UNAM,  |c 1988 
300 |a 6 v. 
336 |a texto  |b txt  |2 rdacontenido 
337 |a sin mediación  |b n  |2 rdamedio 
338 |a volumen  |b nc  |2 rdasoporte 
649 |a XX 
650 |a Derecho Público 
650 |a Derecho Constitucional -  |z México 
650 |a Derecho Constitucional -  |z México 
910 |a Fondo General 
920 |a Impresos - Libros 
930 |a Colección General 
905 |a 101 
901 |a 0500008397  |b IT1  |c ACC  |i 031249  |u 20250521 
902 |a https://opac.biblio.iteso.mx/vufind/Record/000031249